Missing Word: Rotten Tomatoes 2017 Quiz Stats

 Plays Quiz Updated Mar 2, 2018

Score 0/20 Timer 05:00
0 Plays Today
Movie Word % Correct
War for the _____ of the ApesPlanet
95.1%
Guardians of the _____ Vol. 2Galaxy
94.7%
Star Wars: The _____ JediLast
91.8%
_____ Runner 2049Blade
88.2%
The Shape of ____Water
82.8%
_____ Wick: Chapter 2John
77%
_____ Billboards Outside Ebbing, MissouriThree
75.4%
The Lego _____ MovieBatman
73.3%
_____ FiguresHidden
72.2%
_____ DriverBaby
66.2%
Movie Word % Correct
Get _____Out
55.5%
Thor: _____Ragnarok
55.4%
_____ BirdLady
54.4%
_____ WomanWonder
49.5%
_____: HomecomingSpider-man
45.9%
Battle of the _____Sexes
38.1%
The Big _____Sick
28%
_____ HourDarkest
24.6%
The _____ ProjectFlorida
18.6%
_____ Own CountryGod's
16%

Today's Daily Dose

Missing Word
Celine Dion

Word Ladder
Dr. Seuss Books

Quick Pick
Cities in India

Get the Picture
'A' Actresses

You're not logged in!

Compare scores with friends on all Sporcle quizzes.
OR
Log In

Sporcle TV

Today on Sporcle TV


Watch our educational content, quiz creation guides, and fun videos on Sporcle TV.

Show Comments

Extras

Top Quizzes Today


Score Distribution

Your Account Isn't Verified!

In order to create a playlist on Sporcle, you need to verify the email address you used during registration. Go to your Sporcle Settings to finish the process.

Report this User

Report this user for behavior that violates our Community Guidelines.

Details: